Logic design and switching theory /

Guardado en:
Autor Principal: Muroga, Saburo.
Formato: Libro
Idioma:English
Publicado: New York : Wiley, c1979.
Materias:
Etiquetas: Agregar Etiqueta
Sin Etiquetas, Sea el primero en etiquetar este registro!
LEADER 00859cam a22002535a 4500
001 EIQ.libpla001220
008 780815s1979####nyua#####b####001#0#eng#d
005 20060822185820.0
245 1 0 |a Logic design and switching theory /  |c Saburo Muroga. 
260 |a New York :  |b Wiley,  |c c1979. 
300 |a xvi, 617 p. :  |b il. ;  |c 23 cm. 
500 |a "A Wiley-Interscience publication." 
504 |a Bibliografía: p. 593-612. 
500 |a Incluye índice. 
020 |a 0471044180 
100 1 |a Muroga, Saburo. 
082 0 0 |a 621.3815/37 
650 4 |a Electrónica  |x Circuitos integrados. 
650 4 |a Diseño de circuitos  |x Procesamiento de datos. 
650 0 |a Electronics  |x Integrated circuits. 
650 0 |a Electronic circuit design  |x Data processing. 
010 |a  78012407  
040 |a DLC  |c DLC  |d AR-BbSID 
859 |a AR-BbSID  |b BIB. PLAPIQUI  |h 621.381 5  |i M 88  |p 1333